[Event "ICS rated blitz match"]
[Site "204.178.125.65"]
[Date "2000.09.22"]
[Round "?"]
[White "Maup"]
[Black "Hossa"]
[Result "0-1"]
[WhiteElo "2079"]
[BlackElo "2590"]
[PlyCount "38"]
[EventDate "2000.??.??"]

1. d4 d5 2. c4 e6 3. Nc3 Nf6 4. Nf3 Be7 5. Bg5 h6 6. Bxf6 Bxf6 7. e3 Nc6 8. Bd3
dxc4 9. Bxc4 e5 10. dxe5 Qxd1+ 11. Rxd1 Nxe5 12. Nxe5 Bxe5 13. O-O c6 14. Rc1
O-O 15. b3 Bf5 16. Rfd1 Rfd8 17. Kf1 Rxd1+ 18. Nxd1 Rd8 19. f3 Bxh2 {
Maup resigns} 0-1

[Event "ICS Rated standard match"]
[Site "204.178.125.65"]
[Date "2000.09.22"]
[Round "?"]
[White "Hossa"]
[Black "Valg"]
[Result "0-1"]
[WhiteElo "2380"]
[BlackElo "2320"]
[PlyCount "202"]
[EventDate "2000.??.??"]

1. e4 e5 2. Nf3 Nc6 3. Bc4 Nf6 4. Ng5 d5 5. exd5 Na5 6. Bb5+ c6 7. dxc6 bxc6 8.
Qf3 Rb8 9. Bd3 Be7 10. O-O O-O 11. Nc3 h6 12. Nge4 Qd4 13. Nxf6+ Bxf6 14. b4
Nc4 15. Rb1 Nb6 16. Qxc6 Bb7 17. Qc5 Bxg2 18. Qxd4 exd4 19. Kxg2 dxc3 20. dxc3
Bxc3 21. Rb3 Rbc8 22. Ra3 Nd5 23. Rxa7 Nxb4 24. Be3 Ra8 25. Rd1 Rxa7 26. Bxa7
Nxa2 27. Bc5 Rc8 28. Bf5 Re8 29. Bd7 Re5 30. Bd6 Ra5 31. Bc6 Nb4 32. Be4 f5 33.
Bxb4 Bxb4 34. Bd5+ Kh7 35. Bf7 Re5 36. c4 Re7 37. Bd5 Re2 38. Kf3 Rc2 39. Ra1
Bc5 40. Rf1 g5 41. Kg2 g4 42. Kg3 Kg6 43. Be6 h5 44. Bd5 h4+ 45. Kg2 Kf6 46.
Bc6 Rxc4 47. Bb5 Rc2 48. Bd7 Rd2 49. Bc8 Be3 50. Kg1 Bd4 51. Kg2 Ke5 52. Bb7
Kf4 53. Bc6 g3 54. Kh3 Bxf2 55. Rh1 Bg1 56. hxg3+ hxg3 57. Bb7 Bf2 58. Kg2 Kg5
59. Kf3 Rd7 60. Ba6 Rc7 61. Rh8 Rc3+ 62. Kg2 Bc5 63. Rg8+ Kf4 64. Kh3 Bf2 65.
Rc8 Re3 66. Rc4+ Kg5 67. Rc8 Re6 68. Bb5 Rd6 69. Kg2 Rd5 70. Bc4 Rd4 71. Kf3
Rf4+ 72. Kg2 Rd4 73. Kf3 Rf4+ 74. Kg2 Re4 75. Bb5 Re1 76. Kf3 Re3+ 77. Kg2 Re1
78. Kf3 Re3+ 79. Kg2 Re5 80. Bd3 Rd5 81. Bc4 Re5 82. Bd3 Kg4 83. Rg8+ Kf4 84.
Rf8 Rd5 85. Be2 Rd2 86. Kf1 Bd4 87. Re8 Ra2 88. Rg8 Ra1+ 89. Bd1 Rxd1+ 90. Ke2
Rc1 91. Kd2 Rc7 92. Rg6 Rg7 93. Rd6 g2 94. Rxd4+ Kg5 95. Rd8 g1=Q 96. Kc3 Rc7+
97. Kd2 Qc1+ 98. Kd3 Qd1+ 99. Ke3 f4+ 100. Kf2 Rc2+ 101. Rd2 Rxd2# {
Hossa checkmated} 0-1

[Event "ICS rated blitz match"]
[Site "204.178.125.65"]
[Date "2000.09.22"]
[Round "?"]
[White "Hossa"]
[Black "flytox"]
[Result "1-0"]
[WhiteElo "2595"]
[BlackElo "2142"]
[PlyCount "179"]
[EventDate "2000.??.??"]

1. d4 d5 2. c4 c6 3. cxd5 cxd5 4. Nc3 Nc6 5. Nf3 Nf6 6. e3 e6 7. a3 Bd7 8. Bd3
Be7 9. b4 Rc8 10. Bb2 O-O 11. O-O Re8 12. Ng5 h6 13. Nf3 Bf8 14. Rc1 Be7 15.
Ne5 Nxe5 16. dxe5 Nh7 17. Qh5 Nf8 18. Nb5 a6 19. Nd6 Bxd6 20. exd6 Bb5 21. Qg4
Qg5 22. Qxg5 hxg5 23. Bxb5 axb5 24. Rc7 Rxc7 25. dxc7 Rc8 26. Rc1 Nd7 27. Bd4
f6 28. Kf1 Kf7 29. f4 gxf4 30. exf4 e5 31. fxe5 fxe5 32. Bf2 Ke6 33. Bh4 d4 34.
Ke2 Kd5 35. Be7 e4 36. h3 Ke6 37. Bd8 Kd5 38. Bg5 Kd6 39. h4 Ne5 40. Bf4 Ke6
41. Bxe5 Kxe5 42. g3 Kd6 43. Rd1 Kd5 44. Rc1 b6 45. Kd2 Kd6 46. Re1 e3+ 47. Kd3
Rxc7 48. Kxd4 Rc4+ 49. Kd3 Kd5 50. Rxe3 Rd4+ 51. Ke2 Rg4 52. Kf3 Rg6 53. Re7
Kc4 54. h5 Rg5 55. g4 Kb3 56. Kf4 Rd5 57. Rxg7 Kxa3 58. h6 Rd1 59. h7 Rh1 60.
Kf5 Kxb4 61. Rc7 Ka4 62. Kg6 b4 63. Ra7+ Kb5 64. Kg7 b3 65. Ra3 Kb4 66. h8=Q
Rxh8 67. Rxb3+ Kxb3 68. Kxh8 b5 69. g5 b4 70. g6 Kc2 71. g7 b3 72. g8=Q b2 73.
Qc4+ Kd1 74. Qd3+ Kc1 75. Qc3+ Kb1 76. Kg7 Ka2 77. Qc2 Ka1 78. Qa4+ Kb1 79. Kf6
Kc1 80. Qc4+ Kd2 81. Qb3 Kc1 82. Qc3+ Kb1 83. Ke5 Ka2 84. Qc2 Ka1 85. Qa4+ Kb1
86. Kd4 Kc1 87. Qa3 Kc2 88. Qa2 Kc1 89. Kc3 b1=Q 90. Qd2# {flytox checkmated}
1-0

[Event "ICS rated blitz match"]
[Site "204.178.125.65"]
[Date "2000.09.22"]
[Round "?"]
[White "flytox"]
[Black "Hossa"]
[Result "0-1"]
[WhiteElo "2103"]
[BlackElo "2601"]
[PlyCount "60"]
[EventDate "2000.??.??"]

1. e4 e5 2. Nf3 Nc6 3. Bb5 a6 4. Ba4 Nf6 5. O-O Be7 6. Re1 b5 7. Bb3 d6 8. c3
O-O 9. h3 Bb7 10. d4 Re8 11. Nbd2 Bf8 12. d5 Ne7 13. c4 Ng6 14. Nf1 bxc4 15.
Bxc4 c6 16. Bg5 cxd5 17. Bxf6 Qxf6 18. Bxd5 Bxd5 19. Qxd5 Nf4 20. Qd2 Nxh3+ 21.
gxh3 Qxf3 22. Re3 Qf4 23. Ng3 g6 24. Rc1 Qh4 25. Ne2 Bh6 26. f4 exf4 27. Rf3
Rxe4 28. Qxd6 Rxe2 29. Kh1 Rxb2 30. Qd5 Rd8 {flytox resigns} 0-1

[Event "ICS rated blitz match"]
[Site "204.178.125.65"]
[Date "2000.09.22"]
[Round "?"]
[White "Hossa"]
[Black "flytox"]
[Result "1-0"]
[WhiteElo "2603"]
[BlackElo "2101"]
[PlyCount "49"]
[EventDate "2000.??.??"]

1. e4 e6 2. d4 d5 3. Nc3 Nf6 4. Bg5 dxe4 5. Nxe4 Be7 6. Bxf6 gxf6 7. Nf3 f5 8.
Nc3 Bf6 9. Qd2 c5 10. d5 O-O 11. O-O-O e5 12. h4 Nd7 13. Bb5 a6 14. Bxd7 Bxd7
15. Ng5 b5 16. Kb1 b4 17. Ne2 c4 18. Qxb4 Rb8 19. Qc5 Rc8 20. Qd6 Re8 21. Qxa6
Rb8 22. d6 Rb6 23. Qxc4 Qb8 24. Qxf7+ Kh8 25. Qxh7# {flytox checkmated} 1-0

[Event "ICS rated blitz match"]
[Site "204.178.125.65"]
[Date "2000.09.22"]
[Round "?"]
[White "flytox"]
[Black "Hossa"]
[Result "0-1"]
[WhiteElo "2099"]
[BlackElo "2605"]
[PlyCount "94"]
[EventDate "2000.??.??"]

1. e4 d5 2. e5 c5 3. Nf3 Nc6 4. Bb5 Bd7 5. Bxc6 Bxc6 6. d4 e6 7. O-O Bb5 8. Re1
b6 9. Bg5 Be7 10. Bxe7 Nxe7 11. c3 Qd7 12. Nbd2 O-O 13. Nf1 f6 14. Ng3 Ng6 15.
Qd2 cxd4 16. cxd4 fxe5 17. Nxe5 Nxe5 18. Rxe5 Rf7 19. Rae1 Raf8 20. f3 Re8 21.
Qe3 Qc7 22. Rxe6 Ref8 23. Re7 Rxe7 24. Qxe7 Qc4 25. Qe6+ Kh8 26. Qe5 Qb4 27. b3
Bc6 28. Nh5 Rf7 29. h3 Kg8 30. Re3 Qd2 31. Re2 Qd1+ 32. Kh2 a5 33. Re1 Qd2 34.
Re2 Qd3 35. Re3 Qg6 36. Nf4 Qf6 37. Nxd5 Bxd5 38. Qxd5 Qf4+ 39. Kh1 Qxe3 40.
Qd8+ Rf8 41. Qd5+ Kh8 42. Qd6 Qc1+ 43. Kh2 Qf4+ 44. Qxf4 Rxf4 45. d5 Rd4 46.
Kg3 Rxd5 47. Kf4 Rd2 {flytox resigns} 0-1

[Event "ICS rated blitz match"]
[Site "204.178.125.65"]
[Date "2000.09.22"]
[Round "?"]
[White "Hossa"]
[Black "flytox"]
[Result "1-0"]
[WhiteElo "2607"]
[BlackElo "2097"]
[PlyCount "55"]
[EventDate "2000.??.??"]

1. e4 e6 2. d4 d5 3. Nc3 Nf6 4. Bg5 dxe4 5. Nxe4 Be7 6. Bxf6 gxf6 7. Nf3 f5 8.
Nc3 Bf6 9. Qd2 c5 10. d5 O-O 11. O-O-O e5 12. h4 e4 13. Ng5 Nd7 14. f3 exf3 15.
gxf3 Ne5 16. Rg1 Kh8 17. Qf4 Bd7 18. Qe3 Qc7 19. d6 Qa5 20. Nd5 Bg7 21. Nc7
Qxa2 22. Nxa8 Qa1+ 23. Kd2 Qxb2 24. Nc7 Qb4+ 25. Ke2 Nc4 26. Qe7 Qc3 27. Qxf8+
Bxf8 28. Nxf7# {flytox checkmated} 1-0

[Event "ICS rated standard match"]
[Site "204.178.125.65"]
[Date "2000.09.22"]
[Round "?"]
[White "superbeast"]
[Black "Hossa"]
[Result "0-1"]
[WhiteElo "1978"]
[BlackElo "2361"]
[PlyCount "52"]
[EventDate "2000.??.??"]

1. e4 c5 2. Nf3 e6 3. d4 cxd4 4. Nxd4 Qb6 5. Nb3 Qc7 6. c4 Nf6 7. Bd3 Bb4+ 8.
N1d2 O-O 9. O-O d5 10. Qe2 Bd6 11. g3 Re8 12. Nd4 a6 13. Re1 Nbd7 14. Rb1 Bb4
15. e5 dxc4 16. Bxc4 Bxd2 17. Bxd2 Nxe5 18. Qxe5 Qxc4 19. Nf5 Rd8 20. Nh6+ Kf8
21. Rbc1 Qd4 22. Qc7 Rd7 23. Bc3 Rxc7 24. Bxd4 Rxc1 25. Rxc1 e5 26. Bxe5 Ne8 {
superbeast resigns} 0-1

[Event "ICS rated blitz match"]
[Site "204.178.125.65"]
[Date "2000.09.22"]
[Round "?"]
[White "PostModernist"]
[Black "Hossa"]
[Result "1-0"]
[WhiteElo "2686"]
[BlackElo "2609"]
[PlyCount "69"]
[EventDate "2000.??.??"]

1. d4 d5 2. Nf3 Nf6 3. e3 e6 4. Bd3 c5 5. b3 Nc6 6. O-O Bd7 7. Ba3 b6 8. Nc3 a6
9. Bb2 cxd4 10. Nxd4 Nxd4 11. exd4 Bd6 12. Qe2 Qc8 13. a3 O-O 14. Rfe1 Qc7 15.
g3 b5 16. Qe3 Rac8 17. b4 Qb6 18. Qf3 a5 19. bxa5 Qxa5 20. Ne2 Rc7 21. Nf4 Bc6
22. Nh5 Nd7 23. Bc3 Qb6 24. Bb4 Bxb4 25. axb4 Qxd4 26. c3 Qb6 27. Qf4 Ra8 28.
Rxa8+ Bxa8 29. Qg5 g6 30. Qh6 Qxf2+ 31. Kxf2 gxh5 32. Bxh7+ Kh8 33. Bg6+ Kg8
34. Qh7+ Kf8 35. Qxf7# {Hossa checkmated} 1-0

[Event "ICS rated blitz match"]
[Site "204.178.125.65"]
[Date "2000.09.22"]
[Round "?"]
[White "Hossa"]
[Black "Amateur"]
[Result "0-1"]
[WhiteElo "2596"]
[BlackElo "2601"]
[PlyCount "132"]
[EventDate "2000.??.??"]

1. e4 e5 2. Nf3 Nc6 3. Bc4 Nf6 4. Ng5 d5 5. exd5 Na5 6. Bb5+ Bd7 7. Qe2 Bd6 8.
Bxd7+ Qxd7 9. c4 O-O 10. O-O Bc5 11. d3 Bd4 12. Nf3 Rae8 13. Bg5 Qd8 14. Nc3
Bxc3 15. bxc3 Qd6 16. Rfe1 Nd7 17. Nh4 Kh8 18. Qg4 Nb6 19. Be3 Qa3 20. Nf5 Rg8
21. Rec1 Na4 22. Rc2 b6 23. Rb1 Rb8 24. Bc1 Qf8 25. Qh4 Re8 26. Be3 Nc5 27.
Bxc5 Qxc5 28. Re1 Nb7 29. Re3 Qf8 30. Rh3 h6 31. Qg5 Kh7 32. Rc1 Nd6 33. Re1 f6
34. Qg4 Qf7 35. Nxd6 cxd6 36. Qe4+ f5 37. Qh4 Qf6 38. Qh5 Qg6 39. Qd1 Rgf8 40.
Qa4 Re7 41. d4 Rfe8 42. dxe5 Rxe5 43. Rf1 R8e7 44. Rg3 Qh5 45. f3 Qh4 46. Qa6
Qf4 47. Qb5 Re1 48. Rxg7+ Kxg7 49. Rxe1 Rxe1+ 50. Kf2 Re7 51. h3 Qd2+ 52. Kg3
f4+ 53. Kh2 Qe1 54. c5 bxc5 55. Qc4 Qg3+ 56. Kg1 Re1+ 57. Qf1 Rxf1+ 58. Kxf1
Qg6 59. h4 Qd3+ 60. Kg1 Qxc3 61. Kh2 c4 62. a3 Qe1 63. g4 fxg3+ 64. Kh3 h5 65.
f4 Qf2 66. a4 Qh2# {Hossa checkmated} 0-1

[Event "ICS rated blitz match"]
[Site "204.178.125.65"]
[Date "2000.09.22"]
[Round "?"]
[White "Amateur"]
[Black "Hossa"]
[Result "1/2-1/2"]
[WhiteElo "2617"]
[BlackElo "2580"]
[PlyCount "137"]
[EventDate "2000.??.??"]

1. Nf3 Nf6 2. c4 e6 3. Nc3 Bb4 4. Qb3 Nc6 5. e4 d6 6. Bd3 e5 7. Nd5 Bc5 8. O-O
a5 9. Bc2 a4 10. Qd3 O-O 11. b3 a3 12. Rb1 Re8 13. Re1 g6 14. Qc3 Nxd5 15. cxd5
Nb4 16. Ra1 Bg4 17. Bd1 Nxd5 18. Qc4 Nf4 19. Rb1 Be6 20. Qc3 Bb6 21. Ra1 Bg4
22. b4 Bxf3 23. Qxf3 Bd4 24. Rb1 Qh4 25. Rb3 d5 26. Qg3 Qe7 27. exd5 Nxd5 28.
Bxa3 e4 29. Bc2 f5 30. Rbb1 Be5 31. Qb3 Qd6 32. g3 b5 33. d3 e3 34. Rxe3 f4 35.
Rf3 fxg3 36. hxg3 Bc3 37. Qxd5+ Qxd5 38. Bb3 Re1+ 39. Kh2 Qxb3 40. Rxb3 Bd2 41.
g4 Ra1 42. Bb2 R1xa2 43. Kg3 Re8 44. Bd4 Re1 45. Rf6 Rc1 46. Re6 Ra4 47. Be3
Rg1+ 48. Kh2 Rd1 49. Re8+ Kf7 50. Rc8 Rxb4 51. Rxc7+ Ke6 52. Rxb4 Bxb4 53. Rxh7
Rxd3 54. Kg2 Rd7 55. Rh6 Rg7 56. Bd4 Rg8 57. f4 Kd5 58. Be5 Ke4 59. g5 Bd2 60.
Kg3 b4 61. Kg4 b3 62. Rh7 Kd3 63. Rb7 Kc2 64. Rc7+ Kb1 65. Rb7 Ka2 66. Ra7+ Kb1
67. Rb7 Ka2 68. Ra7+ Kb1 69. Rb7 {Game drawn by repetition} 1/2-1/2

[Event "ICS rated blitz match"]
[Site "204.178.125.65"]
[Date "2000.09.22"]
[Round "?"]
[White "Hossa"]
[Black "Amateur"]
[Result "1/2-1/2"]
[WhiteElo "2582"]
[BlackElo "2615"]
[PlyCount "184"]
[EventDate "2000.??.??"]

1. e4 c6 2. d4 d5 3. Nc3 dxe4 4. Nxe4 Nd7 5. Ng5 Ngf6 6. Bd3 c5 7. N1f3 cxd4 8.
O-O e6 9. Nxd4 Ne5 10. Bb5+ Bd7 11. Bf4 Qb6 12. Qe2 Ng6 13. Be3 Bc5 14. Bxd7+
Nxd7 15. Nb3 Bxe3 16. fxe3 O-O 17. Ne4 Rad8 18. Rad1 Nde5 19. Rd4 Nc6 20. Rxd8
Rxd8 21. Qf2 Nce5 22. Kh1 Qc7 23. Qe2 Qc4 24. Nc3 Qxe2 25. Nxe2 Nc4 26. e4 Nxb2
27. Ned4 Ne5 28. Kg1 Na4 29. Ne2 Nc4 30. Rf3 Rd1+ 31. Kf2 Nd6 32. Ng3 Nc4 33.
Ne2 b5 34. Rd3 Nab2 35. Rh3 Rd7 36. Ned4 a6 37. Rg3 Nd2 38. Nxd2 Rxd4 39. Ke2
Nc4 40. Rd3 Rxd3 41. Kxd3 Nxd2 42. Kxd2 g6 43. c4 bxc4 44. Kc3 e5 45. Kxc4 Kg7
46. Kd5 f6 47. Ke6 g5 48. g4 Kg6 49. a4 Kg7 50. a5 Kg6 51. Ke7 Kg7 52. Kd6 h5
53. gxh5 f5 54. exf5 e4 55. Ke7 e3 56. f6+ Kh7 57. f7 e2 58. f8=Q e1=Q+ 59. Kd7
Qd1+ 60. Qd6 Qxh5 61. Qd3+ Kh8 62. Qxa6 Qh7+ 63. Kc8 Qg8+ 64. Kb7 Qh7+ 65. Ka8
Qg8+ 66. Ka7 Qh7+ 67. Qb7 Qxh2 68. a6 g4 69. Ka8 g3 70. a7 Qc2 71. Kb8 g2 72.
Qb6 g1=Q 73. Qxg1 Qb3+ 74. Kc8 Qe6+ 75. Kb7 Qd7+ 76. Kb6 Qd6+ 77. Kb5 Qd3+ 78.
Kc5 Qf5+ 79. Kb4 Qe4+ 80. Kc3 Qc6+ 81. Kb2 Qb5+ 82. Kc1 Qc4+ 83. Kd1 Qd3+ 84.
Ke1 Qb1+ 85. Kf2 Qb6+ 86. Kg2 Qb7+ 87. Kg3 Qg7+ 88. Kh2 Qh7+ 89. Kg2 Qb7+ 90.
Kg3 Qg7+ 91. Kh2 Qh7+ 92. Kg2 Qb7+ {Game drawn by repetition} 1/2-1/2

[Event "ICS rated blitz match"]
[Site "204.178.125.65"]
[Date "2000.09.22"]
[Round "?"]
[White "varon1968"]
[Black "Hossa"]
[Result "0-1"]
[WhiteElo "2041"]
[BlackElo "2586"]
[PlyCount "92"]
[EventDate "2000.??.??"]

1. e4 e5 2. Nf3 Nc6 3. Bb5 a6 4. Ba4 Nf6 5. O-O Be7 6. Re1 b5 7. Bb3 d6 8. c3
O-O 9. h3 Na5 10. Bc2 c5 11. d3 Be6 12. Nbd2 Nc6 13. Nf1 a5 14. g4 Nd7 15. Ng3
Nb6 16. Kg2 Qc7 17. Bg5 Bxg5 18. Nxg5 a4 19. Qf3 a3 20. b3 b4 21. c4 h6 22.
Nxe6 fxe6 23. Qe3 Nd4 24. Bd1 Qe7 25. Rf1 Rf7 26. Rc1 Qh4 27. f3 Raf8 28. Rf2
g6 29. Be2 Nd7 30. Rcf1 Rf4 31. Bd1 Qg5 32. Qe1 Qf6 33. Be2 Qh4 34. Bd1 Kg7 35.
Qd2 Qg5 36. Qe1 Qf6 37. Be2 Qh4 38. Bd1 Nb6 39. Qe3 R8f7 40. Ne2 Nxe2 41. Bxe2
Kg8 42. Qd2 h5 43. Rh1 hxg4 44. hxg4 Rxg4+ 45. fxg4 Rxf2+ 46. Kg1 Qg3# {
varon1968 checkmated} 0-1

[Event "ICS rated blitz match"]
[Site "204.178.125.65"]
[Date "2000.09.22"]
[Round "?"]
[White "Hossa"]
[Black "varon1968"]
[Result "1-0"]
[WhiteElo "2587"]
[BlackElo "2037"]
[PlyCount "27"]
[EventDate "2000.??.??"]

1. e4 d6 2. d4 Nf6 3. Nc3 g6 4. f4 Bg7 5. Nf3 Bg4 6. e5 Bxf3 7. Qxf3 dxe5 8.
Qxb7 Nbd7 9. fxe5 Ng4 10. Nd5 O-O 11. Be2 Nh6 12. c3 Nf5 13. Nxc7 Nb6 14. Nxa8
{varon1968 resigns} 1-0

[Event "ICS rated blitz match"]
[Site "204.178.125.65"]
[Date "2000.09.22"]
[Round "?"]
[White "varon1968"]
[Black "Hossa"]
[Result "0-1"]
[WhiteElo "2036"]
[BlackElo "2588"]
[PlyCount "70"]
[EventDate "2000.??.??"]

1. e4 e5 2. Nf3 Nc6 3. Bb5 a6 4. Ba4 Nf6 5. O-O Be7 6. Re1 b5 7. Bb3 d6 8. c3
O-O 9. h3 Bb7 10. d3 a5 11. Nbd2 a4 12. Bc2 Re8 13. Nf1 d5 14. Qe2 d4 15. g4 a3
16. cxd4 Nxd4 17. Nxd4 Qxd4 18. Rb1 Bb4 19. Rd1 Bc6 20. Ne3 Qd8 21. bxa3 Bxa3
22. Bxa3 Rxa3 23. Bb3 Ra6 24. Rbc1 Nd7 25. d4 exd4 26. Rxd4 Qf6 27. Rcd1 Ne5
28. Nf5 g6 29. f4 gxf5 30. fxe5 Qxe5 31. gxf5 Qg3+ 32. Qg2 Qxg2+ 33. Kxg2 Bxe4+
34. Kh2 Bxf5 35. R1d2 Rh6 {varon1968 resigns} 0-1

[Event "ICS rated blitz match"]
[Site "204.178.125.65"]
[Date "2000.09.22"]
[Round "?"]
[White "Hossa"]
[Black "varon1968"]
[Result "1-0"]
[WhiteElo "2589"]
[BlackElo "2035"]
[PlyCount "27"]
[EventDate "2000.??.??"]

1. e4 e5 2. Nf3 Nc6 3. Nc3 Nf6 4. Nxe5 Nxe5 5. d4 Ng6 6. e5 Ng8 7. Bc4 Bb4 8.
Qf3 Bxc3+ 9. bxc3 Qe7 10. O-O h6 11. Ba3 Nh4 12. Qh5 g6 13. Bxe7 gxh5 14. Bxh4
{varon1968 resigns} 1-0

[Event "ICS rated blitz match"]
[Site "204.178.125.65"]
[Date "2000.09.22"]
[Round "?"]
[White "Hossa"]
[Black "varon1968"]
[Result "1-0"]
[WhiteElo "2591"]
[BlackElo "2033"]
[PlyCount "53"]
[EventDate "2000.??.??"]

1. e4 d6 2. d4 Nf6 3. Nc3 g6 4. f4 Bg7 5. Nf3 Nc6 6. d5 Nb8 7. e5 dxe5 8. fxe5
Ng4 9. Qd4 Nh6 10. Bd3 O-O 11. Bf4 Nd7 12. O-O Nb6 13. b3 Nf5 14. Qc5 Re8 15.
Rad1 Nd7 16. Qf2 b6 17. g4 Nh6 18. h3 Nc5 19. Qh4 Nxg4 20. hxg4 Nxd3 21. Rxd3
Ba6 22. Ng5 h6 23. Nxf7 Kxf7 24. Bxh6+ Kg8 25. Bxg7 Kxg7 26. Rf7+ Kxf7 27. Qh7+
{varon1968 resigns} 1-0

[Event "ICS rated blitz match"]
[Site "204.178.125.65"]
[Date "2000.09.22"]
[Round "?"]
[White "varon1968"]
[Black "Hossa"]
[Result "0-1"]
[WhiteElo "2032"]
[BlackElo "2592"]
[PlyCount "52"]
[EventDate "2000.??.??"]

1. e4 e5 2. Nf3 Nc6 3. Bb5 a6 4. Ba4 Nf6 5. O-O Be7 6. c3 Nxe4 7. Re1 Nc5 8.
Bxc6 dxc6 9. Nxe5 O-O 10. d4 Nd7 11. Nf3 Nb6 12. Bf4 Bg4 13. Nbd2 c5 14. dxc5
Bxc5 15. Qc2 Nd5 16. Bg3 Re8 17. Rxe8+ Qxe8 18. Re1 Qc8 19. Qb1 Rb8 20. Re5 c6
21. h3 Bxf3 22. Nxf3 Bf8 23. Qe4 Bd6 24. Rh5 Nf6 25. Qf5 Bxg3 26. Qxc8+ Rxc8 {
varon1968 resigns} 0-1

[Event "ICS rated blitz match"]
[Site "204.178.125.65"]
[Date "2000.09.22"]
[Round "?"]
[White "Hossa"]
[Black "RebelTiger"]
[Result "1/2-1/2"]
[WhiteElo "2593"]
[BlackElo "2813"]
[PlyCount "90"]
[EventDate "2000.??.??"]

1. e4 c5 2. Nf3 Nc6 3. d4 cxd4 4. Nxd4 Nf6 5. Nc3 d6 6. Bg5 e6 7. Qd2 a6 8.
O-O-O h6 9. Be3 Nxd4 10. Bxd4 b5 11. f4 Be7 12. Kb1 Bb7 13. e5 dxe5 14. fxe5
Nd7 15. Qf4 O-O 16. Ne4 f6 17. exf6 Nxf6 18. Nxf6+ Bxf6 19. Qg4 Bxd4 20. Rxd4
Bd5 21. c4 bxc4 22. Bxc4 Rf2 23. Bxd5 exd5 24. Qe6+ Kh8 25. Qxd5 Qxd5 26. Rxd5
Rxg2 27. h3 Re8 28. Rd6 Ree2 29. Rb6 a5 30. a3 Kg8 31. Ka2 Rh2 32. Rb8+ Kh7 33.
Rg1 g5 34. Rg3 Kg6 35. Rgb3 Kh5 36. Ra8 Re5 37. Ra6 Rf5 38. a4 Rf4 39. Rxa5 Kh4
40. Ra6 h5 41. Ra5 Rhf2 42. Rbb5 Rg2 43. Rb3 Rgf2 44. Rbb5 Rg2 45. Rb3 Rgf2 {
Game drawn by repetition} 1/2-1/2

[Event "ICS rated blitz match"]
[Site "204.178.125.65"]
[Date "2000.09.22"]
[Round "?"]
[White "Amateur"]
[Black "Hossa"]
[Result "1-0"]
[WhiteElo "2603"]
[BlackElo "2602"]
[PlyCount "101"]
[EventDate "2000.??.??"]

1. Nf3 Nf6 2. c4 e6 3. g3 b6 4. Bg2 Bb7 5. d4 Be7 6. Nc3 Ne4 7. Bd2 Nxd2 8.
Qxd2 O-O 9. O-O d6 10. Qf4 f5 11. Qe3 Rf6 12. d5 e5 13. Ng5 Qd7 14. Ne6 c6 15.
Rac1 Na6 16. f4 e4 17. g4 fxg4 18. Ng5 cxd5 19. Nxd5 Bxd5 20. cxd5 Nc5 21. b4
Na6 22. Bxe4 h6 23. Nh7 Rf7 24. Bg6 Bh4 25. Qa3 Qb5 26. Rc6 Rd7 27. Bd3 Qxb4
28. Qxa6 Qd4+ 29. e3 Qxe3+ 30. Kg2 Qh3+ 31. Kh1 g3 32. Rc2 Rc7 33. Rd2 Rf7 34.
Bg6 Re7 35. f5 b5 36. Qxb5 a6 37. Qb1 Rb7 38. Qd1 gxh2 39. Rd3 Bg3 40. f6 Rab8
41. f7+ Rxf7 42. Rxf7 Kh8 43. Rdf3 Qc8 44. Rxg3 Qg8 45. Rgf3 a5 46. Rf8 Rxf8
47. Rxf8 Qxf8 48. Nxf8 Kg8 49. Ne6 h5 50. Qf1 a4 51. Qf8# {Hossa checkmated}
1-0

[Event "ICS rated standard match"]
[Site "204.178.125.65"]
[Date "2000.09.22"]
[Round "?"]
[White "Hossa"]
[Black "Valg"]
[Result "0-1"]
[WhiteElo "2364"]
[BlackElo "2334"]
[PlyCount "142"]
[EventDate "2000.??.??"]

1. e4 c5 2. Nf3 d6 3. d4 cxd4 4. Nxd4 Nf6 5. Nc3 g6 6. Be3 Bg7 7. f3 O-O 8. Qd2
Nc6 9. Bc4 Bd7 10. O-O-O Rc8 11. Bb3 Ne5 12. h4 Nc4 13. Bxc4 Rxc4 14. h5 Nxh5
15. g4 Nf6 16. Bh6 Nxe4 17. Qe3 Rxc3 18. bxc3 Nf6 19. Bxg7 Kxg7 20. Rh2 Rh8 21.
Nb3 Bc6 22. g5 Nd7 23. f4 Nb6 24. c4 e5 25. Qh3 exf4 26. Qh6+ Kg8 27. c5 Nd5
28. Rd3 Qe7 29. cxd6 Qe1+ 30. Rd1 Qb4 31. Kb2 Qxd6 32. Rd4 Qe5 33. c3 f3 34.
Rh1 Qe2+ 35. Rd2 Qe3 36. Rc1 f6 37. c4 Nb6 38. Rd8+ Be8 39. c5 Na4+ 40. Kb1
fxg5 41. c6 bxc6 42. Rxc6 Qe4+ 43. Rc2 f2 44. Qh3 g4 45. Qf1 g3 46. Nd2 Qe1+
47. Rc1 Qxf1 48. Rxf1 Kg7 49. Rc8 g2 50. Rc7+ Kh6 51. Rcc1 Rf8 52. Rg1 fxg1=B
53. Rxg1 Rf2 54. Kc2 Nb6 55. Kd3 Bb5+ 56. Kc3 Nd5+ 57. Kd4 Rxd2+ 58. Ke5 Nc3
59. a3 Bc6 60. Ke6 Rd1 61. Rxg2 Bxg2 62. a4 Re1+ 63. Kd7 Nxa4 64. Kd8 g5 65.
Kd7 g4 66. Kd6 g3 67. Kd7 Bf3 68. Kd6 g2 69. Kc7 g1=Q 70. Kb8 Qb6+ 71. Kc8 Bg4#
{Hossa checkmated} 0-1

[Event "ICS rated standard match"]
[Site "204.178.125.65"]
[Date "2000.09.22"]
[Round "?"]
[White "Hossa"]
[Black "josechess"]
[Result "1-0"]
[WhiteElo "2347"]
[BlackElo "2242"]
[PlyCount "139"]
[EventDate "2000.??.??"]

1. e4 c6 2. d4 d5 3. Nc3 dxe4 4. Nxe4 Bf5 5. Ng3 Bg6 6. h4 h6 7. Nf3 Nd7 8. h5
Bh7 9. Bd3 Bxd3 10. Qxd3 Qc7 11. Bd2 e6 12. O-O-O O-O-O 13. Rde1 Ngf6 14. Kb1
Bd6 15. Ne4 Nxe4 16. Qxe4 c5 17. d5 Nf6 18. Qa4 exd5 19. Qxa7 Rde8 20. Rxe8+
Rxe8 21. Qa4 Qc6 22. Qxc6+ bxc6 23. Bc3 d4 24. Be1 Bf4 25. a4 Re2 26. g3 Bc7
27. Kc1 Ne4 28. Rf1 Nf6 29. Kd1 Re4 30. Rh1 Kb7 31. b3 Ka6 32. Kd2 Ba5+ 33. Kd3
Bxe1 34. Rxe1 Rxe1 35. Nxe1 Kb6 36. Nf3 Ng4 37. Ke2 Ka5 38. Nd2 Kb4 39. Nc4 Nf6
40. Kd3 Ng4 41. f3 Nf6 42. Ne5 c4+ 43. Nxc4 Nxh5 44. a5 Kb5 45. g4 Nf4+ 46.
Kxd4 f6 47. Ke4 Nd5 48. Kf5 g5 49. Kg6 Ka6 50. Kxh6 Nb4 51. c3 Nd5 52. Kg6 Kb5
53. Nd6+ Kxa5 54. Ne4 Kb6 55. c4 Nf4+ 56. Kxf6 Nh3 57. Nxg5 Nf2 58. Ne6 c5 59.
g5 Nh3 60. g6 Ka5 61. g7 Kb4 62. g8=Q Kxb3 63. Qg3 Ng5 64. Qxg5 Kxc4 65. Qe3
Kb4 66. Qxc5+ Ka4 67. f4 Kb3 68. Nd4+ Kb2 69. Qc2+ Ka1 70. Nb3# {
josechess checkmated} 1-0

[Event "ICS rated blitz match"]
[Site "204.178.125.65"]
[Date "2000.09.22"]
[Round "?"]
[White "Hossa"]
[Black "Amateur"]
[Result "1-0"]
[WhiteElo "2586"]
[BlackElo "2575"]
[PlyCount "89"]
[EventDate "2000.??.??"]

1. e4 e5 2. Nf3 Nf6 3. Nxe5 d6 4. Nxf7 Kxf7 5. d4 Nc6 6. Nc3 Be7 7. Bc4+ Ke8 8.
O-O Bg4 9. f3 Bh5 10. Be3 Qd7 11. Qd2 Rf8 12. Bf4 a6 13. d5 Ne5 14. Bb3 Rc8 15.
Qd4 c5 16. dxc6 Nxc6 17. Qd2 Na5 18. Rad1 Nxb3 19. axb3 Rc6 20. Bg5 Qe6 21.
Rfe1 h6 22. Bf4 Nd7 23. Nd5 Bh4 24. Re2 Ne5 25. Bxe5 Qxe5 26. c4 Qg5 27. Re3
Bf7 28. e5 Bxd5 29. cxd5 Rc2 30. exd6+ Kd7 31. Re7+ Qxe7 32. dxe7 Rxd2 33.
exf8=N+ Ke8 34. Rxd2 Kxf8 35. d6 Ke8 36. g3 Bf6 37. d7+ Kd8 38. Kf2 a5 39. Ke3
Be7 40. Ke4 Bb4 41. Rd5 Be7 42. Kf5 b6 43. Ke6 Bc5 44. Rxc5 bxc5 45. g4 {
Amateur resigns} 1-0